000 00625ngm a2200265 a 4500
003 OSt
005 20251020182702.0
008 240217s9999 xx 000 0 und d
040 _aPE SENCICO BE
040 _cPE SENCICO BE
041 _aspa
082 _aN004
245 0 _aSeguridad con herramientas manuales y de potencia /
245 0 _cTEL-A-TRAIN
260 _aEstados Unidos
260 _bTEL-A-TRAIN
260 _cNo precisa
300 _a1 VIDEO
300 _bson., Col.
300 _c22'
490 _aSEGURIDD INDUSTRIAL
650 _aSEGURIDAD INDUSTRIAL
910 _aila.
942 _cVID
_2ddc
999 _c4842
_d4842